000 00428nam a2200181Ia 4500
001 1317
005 20260306143719.0
008 260306t2010||||xx |||||||||||||| ||spa||
041 _aESP
082 _a193
_bS79
100 _aStein Edith
_eAUT
245 0 _aLa filosofía existencial de Martin Heidegger
260 _c2010
300 _a95 páginas :
_c20 cm.
650 _aGEN
654 _aCHU
942 _cLIB
_dJUS
_fJUS
_2ddc
_n
999 _c1317
_d1317